Guess that Boyfriend to Death character! - Statistics

General Stats
  • This quiz has been taken 157 times
  • The average score is 9 of 16
Answer Stats
Picture Answer % Correct
Celia Lede
87%
Ashe
80%
Ren Hana
79%
Derek Goffard
74%
Lawrence Oleander
74%
Strade
73%
Mason Heiral
62%
Dragon
57%
Jack
55%
Machete
54%
Komodo
53%
Tom
43%
Harold Lede
37%
Chamomile
35%
Richard
34%
Jacqueline
31%
No matching quizzes found
Score Distribution
Percent of People with Each Score
Percentile by Number Answered
Your Score History
You have not taken this quiz